Das geduldige Fleisch; (Record no. 125594)
[ view plain ]
| 000 -LEADER | |
|---|---|
| fixed length control field | 00649cam a2200217u 4500 |
| 001 - CONTROL NUMBER | |
| control field | 7562542 |
| 003 - CONTROL NUMBER IDENTIFIER | |
| control field | ARRUPE |
| 005 - DATE AND TIME OF LATEST TRANSACTION | |
| control field | 20161027113930.0 |
| 008 - FIXED-LENGTH DATA ELEMENTS--GENERAL INFORMATION | |
| fixed length control field | 830111s1968 gw 000 0 ger |
| 010 ## - LIBRARY OF CONGRESS CONTROL NUMBER | |
| LC control number | 68142659 |
| 040 ## - CATALOGING SOURCE | |
| Original cataloging agency | DLC |
| Transcribing agency | CarP |
| Modifying agency | DLC |
| 050 00 - LIBRARY OF CONGRESS CALL NUMBER | |
| Classification number | PT2617.E382G5 |
| 300 ## - PHYSICAL DESCRIPTION | |
| Dimensions | 20 cm. |
| 100 1# - MAIN ENTRY--PERSONAL NAME | |
| Personal name | Heinrich, Willi, |
| 9 (RLIN) | 27044 |
| 245 14 - TITLE STATEMENT | |
| Title | Das geduldige Fleisch; |
| Remainder of title | Roman. |
| Statement of responsibility, etc | by Heinrich, Willi, |
| 260 ## - PUBLICATION, DISTRIBUTION, ETC. (IMPRINT) | |
| Place of publication, distribution, etc | Munchen |
| Name of publisher, distributor, etc | Wilhelm Heyne Verlag |
| Date of publication, distribution, etc | 1968 |
| 300 ## - PHYSICAL DESCRIPTION | |
| Extent | 381 p.; |
| 440 ## - SERIES STATEMENT/ADDED ENTRY--TITLE | |
| Title | Heyne bucher |
| Volume number/sequential designation | n. 842 |
| 9 (RLIN) | 27049 |
| 650 #0 - SUBJECT ADDED ENTRY--TOPICAL TERM | |
| Topical term or geographic name as entry element | World War, 1939-1945 |
| Form subdivision | Fiction. |
| 9 (RLIN) | 27050 |
| 906 ## - LOCAL DATA ELEMENT F, LDF (RLIN) | |
| a | 0 |
| b | cbc |
| c | premunv |
| d | u |
| e | ncip |
| f | 19 |
| g | y-gencatlg |
| 942 ## - ADDED ENTRY ELEMENTS (KOHA) | |
| Source of classification or shelving scheme | Library of Congress Classification |
| Koha item type | Monograph ( Printed materials) |
| Withdrawn status | Lost status | Source of classification or shelving scheme | Damaged status | Not for loan | Collection code | Home library | Current library | Shelving location | Date acquired | Total Checkouts | Full call number | Barcode | Date last seen | Price effective from | Koha item type |
|---|---|---|---|---|---|---|---|---|---|---|---|---|---|---|---|
| Library of Congress Classification | Main Collection | ARRUPE LIBRARY | ARRUPE LIBRARY | Main Collection | 27/10/2016 | PT2617.E382G5 | 46500010768 | 02/07/2019 | 27/10/2016 | Monograph ( Printed materials) |